|
|
|
|
| LEADER |
01131nam a2200265 a 4500 |
| 001 |
20253 |
| 003 |
BD-DhAAL |
| 008 |
100516s2006 vaua b 001 0 eng d |
| 999 |
|
|
|c 8602
|d 8602
|
| 010 |
|
|
|a 2005901720
|
| 020 |
|
|
|a 1931185247 (pbk.)
|
| 040 |
|
|
|a CTB
|c CTB
|d DLC
|d BD-DhAAL
|
| 082 |
0 |
0 |
|a 428.0071
|2 22
|
| 245 |
0 |
0 |
|a Literature in language teaching and learning /
|c edited by Amos Paran.
|
| 260 |
|
|
|a Alexandria, Va. :
|b Teachers of English to Speakers of Other Languages, Inc.,
|c c2006.
|
| 300 |
|
|
|a viii, 192 pages :
|b illustrations ;
|c 26 cm.
|
| 490 |
0 |
|
|a Case studies in TESOL practice series
|
| 504 |
|
|
|a Includes bibliographical references (pages 175-184) and index.
|
| 541 |
1 |
|
|e 00020253
|
| 650 |
|
0 |
|a English language
|x Study and teaching
|x Foreign speakers
|v Case studies.
|9 40057
|
| 650 |
|
0 |
|a Literature
|x Study and teaching
|v Case studies.
|9 40058
|
| 700 |
1 |
|
|a Paran, Amos.
|9 40059
|
| 852 |
4 |
|
|a Ayesha Abed Library
|j General Stacks
|
| 942 |
|
|
|2 ddc
|c BK
|
| 952 |
|
|
|0 0
|1 0
|2 ddc
|4 0
|6 428_007000000000000_LIT_2006
|7 0
|9 10245
|a BRACUL
|b BRACUL
|c GEN
|d 2010-05-17
|l 3
|m 5
|o 428.007 LIT
|p 3010020253
|r 2025-01-29
|s 2024-01-30
|t 1
|w 2010-05-17
|y BK
|